国際興業・関東バス 赤31系統 停留所名 - Statistics

General Stats
  • This quiz has been taken 17 times
  • The average score is 12 of 31
Answer Stats
所在市区町村 停留所名 % Correct
北区 赤羽駅東口
94%
杉並区 高円寺駅北口
75%
板橋区 大和町(板橋本町駅)
69%
中野区 野方駅北口
63%
練馬区 豊玉中
56%
中野区 中野北郵便局
56%
板橋区 小茂根
44%
練馬区 豊玉北
44%
中野区 野方駅入口
44%
北区・板橋区 姥ヶ橋
38%
板橋区 武蔵野病院
38%
練馬区 羽沢(新桜台駅)
38%
練馬区 豊玉中二丁目
38%
中野区 野方二丁目
38%
北区 赤羽南一丁目
31%
北区 赤羽南二丁目
31%
北区 中十条四丁目
31%
北区 王子第三小学校
31%
板橋区 中板橋駅入口
31%
板橋区 南常盤台
31%
板橋区 かみのね橋
31%
杉並区 高円寺中学校
31%
北区 東十条四丁目
25%
北区 十条仲原二丁目
25%
板橋区 稲荷台
25%
板橋区 東山町
25%
練馬区 小竹町二丁目
25%
北区 東十条六丁目
19%
板橋区 富士見町都営住宅
19%
北区 上十条五丁目
13%
杉並区 杉並芸術会館座・高円寺前
6%
No matching quizzes found
Score Distribution
Percent of People with Each Score
Percentile by Number Answered
Your Score History
You have not taken this quiz